000 00794nam a22002417a 4500
005 20170124110048.0
010 _aA-822396
020 _c00.00
_a8170365716
035 _aA-822396
037 _bCen Lib/Ret
040 _aDPL
_bEN
082 _a658
_bKAN
100 _aKanji, Gopal K.
_924889
245 _a100 methods for total quality management /
_cby Gopal K. Kanji [and] Mike Asher
246 _aHundred methods for total quality management
260 _aNew Delhi
_bResponse Books
_c1996
270 _bNew Delhi
_a32M block market, greater kailash -1
_e110048
300 _avi,237p.
_c21cm(Hb)
500 _aIncludes bibliographical references and index
650 _aTQM methods
_924890
650 _aManagement
_v
_924891
942 _2ddc
_cEN
_h658
_mKAN
999 _c128941
_d128941